Normal view
MARC view
- HARRIS, MARC
Entry Personal Name
001 - CONTROL NUMBER
- control field: 57713
003 - CONTROL NUMBER IDENTIFIER
- control field: NUST
005 - DATE AND TIME OF LATEST TRANSACTION
- control field: 20210628202001.0
008 - FIXED-LENGTH DATA ELEMENTS
- fixed length control field: 210628|| aca||aabn | a|a d
040 ## - CATALOGING SOURCE
- Original cataloging agency: NUST
- Transcribing agency: NUST
100 ## - HEADING--PERSONAL NAME
- Personal name: HARRIS, MARC
670 ## - SOURCE DATA FOUND
- Source citation: Work cat.: (NUST): HARRIS, MARC, THE UNITED STATES IN THE SECOND WORLD WAR, 1946
